Statistiques concernant Culture Générale - Série 604

Cliquez ici pour prendre le quiz!

Statistiques générales

  • Ce quiz a été pris 92 fois
  • Le résultat moyen est 6 sur 10

Statistiques - réponses

QuestionRéponse% Correct
Quel nom donne-t-on aux larges fossés remplis d'eau qui entouraient les châteaux du Moyen Âge ?douves
93%
Quelle couleur est associée au blé dans l'autre nom du sarrasin ?noir
87%
Quelle ville, traversée par la Deûle, est le chef-lieu de la Région Nord-Pas-de-Calais ?Lille
86%
Dans quel département vous trouvez-vous, si vous visitez la cathédrale gothique d'Amiens ?Somme
74%
Au début des années 1980, quel chanteur français a interprété le tube "Femmes... je vous aime" ?Julien Clerc
65%
Dans les années 70, quel humoriste mordillait le lobe de Sophie Daumier dans le sketch "La Drague" ?Guy Bedos
57%
En 1964, quel chanteur surfait sur la vague du succès avec le titre “À présent tu peux t'en aller” ?Richard Anthony
37%
Aux Antilles, quel mot de 4 lettres désigne un créole descendant d'immigrés blancs ?béké
29%
Quel massif de la Savoie, culminant à la Grande Casse, est englobé dans le parc national du même nom ?Vanoise
28%
Quel footballeur professionnel et entraîneur emblématique de l'AS Saint-Etienne avait été surnommé "Le Sphinx" ?Robert Herbin
22%

Distribution des résultats

Percentile par nombre de réponses

% des personnes avec chaque résultat

Votre développement - résultats

Vous n’avez pas pris ce quiz